00459nam a2200193Ia 4500008004100000041000800041082002300049100001900072245003000091250000600121260004400127300000800171365001100179650001600190650001600206650001300222650001500235700001500250140306s9999 xx 000 0 und d aeng a510 .243 3bMEH/MA aMadhani, G M K aMathematics for economics a6 aNew DelhibSultan Chand And Sonsc 1988 a644 bRs .32 agame theory aintegration amatrices aTryonmetry aMehta, P S